LEADER 00946nam0 22002531i 450 001 UON00332760 005 20231205104227.163 100 $a20090923d1970 |0itac50 ba 101 $aeng 102 $aGB 105 $a|||| ||||| 200 1 $aˆThe ‰Chartist Movement in Scotland$fAlexander Wilson 210 $aManchester$cUniversity Press$d1970 215 $aIX, 294 p.$d23 cm. 606 $aSCOZIA CARTISMO$3UONC073033$2FI 620 $aGB$dManchester$3UONL000134 700 1$aWILSON$bAlexander$3UONV188959$0553049 712 $aManchester University Press$3UONV247840$4650 801 $aIT$bSOL$c20240220$gRICA 899 $aSIBA - SISTEMA BIBLIOTECARIO DI ATENEO$2UONSI 912 $aUON00332760 950 $aSIBA - SISTEMA BIBLIOTECARIO DI ATENEO$dSI III STORIAEUR D C 0007 $eSI SS 1760 5 0007 996 $aChartist Movement in Scotland$91365959 997 $aUNIOR